Contributions to plant anatomy (Record no. 21367)

MARC details
000 -LEADER
fixed length control field 00328nam a2200133Ia 4500
082 ## - DEWEY DECIMAL CLASSIFICATION NUMBER
Classification number 581.4
Item number BAI
100 ## - MAIN ENTRY--AUTHOR NAME
Personal name BAILEY, Irving W
245 #0 - TITLE STATEMENT
Title Contributions to plant anatomy
260 ## - PUBLICATION, DISTRIBUTION, ETC. (IMPRINT)
Place of publication USA
Name of publisher Waltham Mass
Year of publication 1954
650 ## - SUBJECT ADDED ENTRY--TOPICAL TERM
Topical Term Cambium
650 ## - SUBJECT ADDED ENTRY--TOPICAL TERM
Topical Term Plant anatomy
942 ## - ADDED ENTRY ELEMENTS (KOHA)
Koha item type Books
Holdings
Withdrawn status Lost status Damaged status Not for loan Home library Current library Date acquired Full call number Accession Number Koha item type
        RRII Library RRII Library 16/12/2021 581.4 BAI 02083 Books